000 00498nam a2200205Ia 4500
003 OSt
005 20220923225239.0
006 a|||||r|||| 00| 0
007 ta
008 Pun
024 _a261,250
037 _cTextual
040 _aARTS
_cARTS
_bPun
041 _2Pun
_aPun
082 _aU8, 153N1
245 0 _aਪੰਜਾਬੀ ਸਖ਼ਰਨਾਮਾ ਸਰੂਪ ਤੇ ਸੰਭਾਵਨਾ
260 _c1991
942 _hU8, 153N1
_cTEXL
_2CC
999 _c377001
_d377001